000 00843nam a2200229 a 4500
005 20250305153213.0
008 250305s2016 enkk 000 0 eng d
020 _a9780414054691
041 _aeng
245 0 0 _aJCT: Contractor collateral warranty for a funder 2016
_bCWa/F 2016
246 1 7 _aCWa/F
260 _aLondon :
_bThomson Reuters,
_c2016
300 _aii, 19 p. :
_bforms ;
_c30 cm.
520 _aThis warranty may be given by a contractor to a provider of finance "funder" for proposed building works
520 _aThis contract has been superseded and no longer complies with the current legislation
650 0 _aConstruction contracts
_zGreat Britain.
650 0 _aWarranty
_zGreat Britain.
651 _aUnited Kingdom
690 _aConstruction management
_96230
710 2 _aJoint Contracts Tribunal.
942 _n0
999 _c122115
_d122115